000 00873cpcaa2200241 4500
001 mm 82084814
003 DLC
005 20260227111717.0
008 820702|||||||||||| eng
010 _amm 82084814
040 _aDLC
_cDLC
_edacs
_dDLC
072 7 _aC
_2lcmd
100 1 _aBradford, John
245 0 0 _aJohn Bradford papers,
_f1776-1782.
300 _a2
_fitems.
506 0 _aOpen to research.
520 8 _aLetterbooks relating to his position as Continental Agent for Prizes at Boston.
546 _aCollection material in English.
651 0 _aBoston (Mass.)
_xHistory
_yRevolution, 1775-1783.
651 0 _aMassachusetts
_xHistory
_yRevolution, 1775-1783.
999 _c43765
_d43765